| 000 | 00657nam a2200241Ia 4500 | ||
|---|---|---|---|
| 001 | 1999 | ||
| 003 | GE_BSU | ||
| 008 | 181216s||||||||xx |||||||||||||| ||und|| | ||
| 020 | _a9785482016763 | ||
| 040 | _cGE_BSU | ||
| 080 | _a341.9(075.8) | ||
| 100 | _aАнуфриева Л.Н. и др. | ||
| 245 | _aМеждународное частное право. | ||
| 245 | _bУчебник. | ||
| 245 | _cПод ред.Г.К.Дмитриевой | ||
| 260 | _aМосква | ||
| 260 | _bПроспект | ||
| 260 | _c2008 | ||
| 300 | _a688стр. | ||
| 541 | _h25л. | ||
| 653 | _aМеждународное частное право. | ||
| 942 | _cBK | ||
| 999 |
_c36099 _d36099 |
||